| 000 | 00684nam a2200289Ia 4500 | ||
|---|---|---|---|
| 005 | 20260324111754.0 | ||
| 008 | 008 260324s9999 xx 000 0 eng d | ||
| 020 | _a9781003380085 | ||
| 037 | _aEBOOK | ||
| 040 | _aCRL | ||
| 040 | _beng | ||
| 040 | _cCRL | ||
| 041 | _2eng | ||
| 041 | _aeng | ||
| 084 | _qCRL | ||
| 100 |
_aEfstathios E. Michaelides _91139957 |
||
| 245 | 0 | _aEnergy Storage | |
| 245 | 0 | _bDriving the Renewable Energy Transition | |
| 260 | _bTaylor and Francis | ||
| 260 | _c2025 | ||
| 365 | _a | ||
| 365 | _b200 | ||
| 856 | _uhttp://www.taylorfrancis.com/books/9781003380085 | ||
| 942 | _cEBOOK | ||
| 999 |
_c1728876 _d1728876 |
||